Codes PLU - LIDL - Statistiques

Statistiques générales
  • Ce quiz a été pris 1 339 fois
  • Le résultat moyen est 14 sur 28
Statistiques - réponses
PLU Produit % Correct
1 Banane
98%
2 Tomate
91%
3 Concombre
83%
4 Courgette
80%
6 Avocat
69%
5 Melon
67%
8 Kiwi
66%
7 Batavia
61%
52 Croissant
58%
50 Pain au chocolat
55%
9 Radis
55%
11 Aubergine
51%
14 Mangue
47%
13 Poire
47%
16 Ananas
45%
19 Pomme Golden
45%
10 Raisin Blanc
44%
18 Pomme Bicolore
42%
17 Nectarine
41%
15 Pomelo
40%
12 Chou Fleur
38%
57 Suisse
37%
53 Ciabatta
33%
51 Baguette Rustique
28%
54 Pain au noix
26%
55 Pain 400g
20%
58 Baguette Céréales
16%
59 Petit pain graines
9%
Aucun quiz correspondant
Distribution des résultats
% des personnes avec chaque résultat
Percentile par nombre de réponses
Votre historique - résultats
Vous n’avez pas pris ce quiz